Top 5 Biggest Faiths by Country - Statistics

General Stats
  • This quiz has been taken 134 times
    124 since last reset
  • The average score is 16 of 20
Answer Stats
% of Population USA % Correct
72.2 Christianity
98%
5.1 Christianity
98%
47.4 Christianity
98%
2.3 Christianity
98%
0.9 Islam
97%
1.8 Islam
97%
6.5 Islam
97%
14.2 Islam
97%
0.7 Hinduism
94%
<0.1 Hinduism
94%
0.1 Hinduism
94%
0.7 Buddhism
82%
18.2 Buddhism
82%
0.5 Buddhism
82%
0.7 Buddhism
82%
1.9 Judaism
73%
79.8 Hinduism
71%
1.7 Sikhism
53%
21.9 Folk Religions
13%
1.2 Pagan
7%
No matching quizzes found
Score Distribution
Percent of People with Each Score
Percentile by Number Answered
Your Score History
You have not taken this quiz since the last reset